000 00791cam a22002531 4500
001 2907
003 BD-RjUL
005 20211208233636.0
008 160730s1953 ilu 000 0 eng
035 _a(BD-RjUL)2935
040 _aDLC
_cDLC
_dDLC
_dBD-RjUL
_beng
041 _aeng
082 0 0 _a336.293
_bKAU 1958
100 1 _aKalven, Harry.
_99306
245 1 4 _aThe uneasy case for progressive taxation /
_cby Walter J. Blum and Harry Kalven, Jr.
260 _aChicago :
_bUniversity of Chicago Press,
_cc1953 [Reprint 1958].
300 _avii, 107 p. ;
_c25 cm.
504 _aIncludes Index.
650 0 _aProgressive taxation.
_99307
650 0 _aIncome tax
_zUnited States.
_99308
700 1 _aBlum, Walter J.,
_ejoint author.
_99309
942 _2ddc
_cBK
999 _c2907
_d2907